00317 a2200109 4500001001000000005001700010008004100027245003200068100002400100773006600124999001700190ART_1121720260410161855.0260409a 10aEntorpeciendo la economía1 aHayek, Friedrich A.0 tRevista de Economíag- Nº 38/39 (sep./dic. 1983)wREV11077 c25388d25388